[Event "SLO-chT1 West"]
[Site "Ljubljana"]
[Date "2014.10.12"]
[Round "6"]
[White "Drinovec, Ales"]
[Black "Brcar, Ales"]
[Result "1/2-1/2"]
[WhiteElo "2098"]
[BlackElo "2071"]
[PlyCount "92"]
[EventDate "2014.10.03"]
[EventType "team-tourn"]
[EventRounds "9"]
[EventCountry "SLO"]
[SourceTitle "EXT 2019"]
[Source "ChessBase"]
[SourceDate "2018.10.10"]
[SourceVersion "1"]
[SourceVersionDate "2018.10.10"]
[SourceQuality "1"]
[WhiteTeam "Tomo Zupan Vzajemna"]
[BlackTeam "Trebnje BMP"]
[WhiteTeamCountry "SLO"]
[BlackTeamCountry "SLO"]

1. e4 e5 2. Nf3 Nc6 3. d4 exd4 4. Nxd4 Nf6 5. Nxc6 bxc6 6. e5 Qe7 7. Qe2 Nd5 8. c4 Nb6 9. b3 Bb7 10. Bb2 0-0-0 11. Nd2 Re8 12. 0-0-0 d6 13. Qg4+ Qd7 14. Qxd7+ Nxd7 15. exd6 cxd6 16. Bd3 c5 17. f3 Be7 18. Rhe1 Bf6 19. Bf5 Bxb2+ 20. Kxb2 Kc7 21. Be4 Nf6 22. Bxb7 Kxb7 23. Nb1 Kc6 24. Nc3 a6 25. a3 a5 26. Kc2 Rxe1 27. Rxe1 Re8 28. Rxe8 Nxe8 29. Nd5 Nc7 30. Ne7+ Kd7 31. Nf5 g6 32. Ne3 Ke6 33. g3 f5 34. f4 Ne8 35. Nd5 Nf6 36. Nxf6 Kxf6 37. b4 cxb4 38. axb4 axb4 39. Kb3 Ke6 40. Kxb4 Kd7 41. Kc3 Ke7 42. Kd4 Ke6 43. c5 dxc5+ 44. Kxc5 Ke7 45. Kd5 Kd7 46. Ke5 Ke7 1/2-1/2

[Event "SLO-chT1 West"]
[Site "Ljubljana"]
[Date "2013.09.27"]
[Round "1"]
[White "Drinovec, Ales"]
[Black "Pregarac, Valter"]
[Result "0-1"]
[WhiteElo "2135"]
[BlackElo "2140"]
[PlyCount "106"]
[EventDate "2013.09.27"]
[EventType "team-tourn"]
[EventRounds "9"]
[EventCountry "SLO"]
[SourceTitle "EXT 2019"]
[Source "ChessBase"]
[SourceDate "2018.10.10"]
[SourceVersion "1"]
[SourceVersionDate "2018.10.10"]
[SourceQuality "1"]
[WhiteTeam "Kranj Tomo Zupan"]
[BlackTeam "Piran"]
[WhiteTeamCountry "SLO"]
[BlackTeamCountry "SLO"]

1. c4 e6 2. g3 d5 3. cxd5 exd5 4. d4 Nf6 5. Bg2 Be7 6. Nc3 0-0 7. Nf3 c6 8. Qc2 Nbd7 9. 0-0 Re8 10. a3 Bd6 11. b4 a6 12. Rb1 Qe7 13. Bg5 h6 14. Bxf6 Nxf6 15. Nd2 Bg4 16. Nb3 Ne4 17. Nxe4 dxe4 18. e3 Bf5 19. Rfc1 h5 20. Bf1 h4 21. Nc5 Rab8 22. Bc4 Qg5 23. Rb3 Re7 24. Bf1 Be6 25. Rc3 Bd5 26. Rb1 f5 27. Bg2 Rd8 28. Nb3 g6 29. gxh4 Qxh4 30. h3 g5 31. Nd2 g4 32. hxg4 Rg7 33. f4 exf3 34. Nxf3 Qxg4 35. e4 Bxe4 36. Qa2+ Kh8 37. Rf1 Rdg8 38. Rf2 Qf4 39. Kf1 Qg3 40. Qe6 Rg6 41. Qd7 Qf4 42. Qf7 Bd5 43. Ng5 Qxf2+ 44. Kxf2 Bxf7 45. Nxf7+ Kg7 46. Nxd6 Rxd6 47. d5 Kf6 48. dxc6 bxc6 49. Bf1 Ra8 50. Rc5 Rh8 51. Ra5 Rh2+ 52. Kg3 Rc2 53. Rxa6 Rdd2 0-1

[Event "Latschach op 29th"]
[Site "Latschach"]
[Date "2013.08.14"]
[Round "6"]
[White "Drinovec, Ales"]
[Black "Bentel, Robin"]
[Result "1/2-1/2"]
[WhiteElo "2153"]
[BlackElo "2005"]
[PlyCount "54"]
[EventDate "2013.08.10"]
[EventType "swiss"]
[EventRounds "9"]
[EventCountry "AUT"]
[SourceTitle "CBM 155 Extra"]
[Source "ChessBase"]
[SourceDate "2013.08.26"]
[SourceVersion "1"]
[SourceVersionDate "2013.08.26"]
[SourceQuality "1"]

1. e4 Nf6 2. Nc3 e5 3. Nf3 Nc6 4. Bb5 Nd4 5. Ba4 Bc5 6. d3 Nxf3+ 7. Qxf3 c6 8. Bg5 h6 9. Bd2 d6 10. h3 Be6 11. Bb3 Qd7 12. Na4 Bb6 13. Nxb6 axb6 14. 0-0 Ke7 15. Qe3 g5 16. Bxe6 Qxe6 17. Qxb6 Nd7 18. Qb3 Qg6 19. d4 exd4 20. f4 Nc5 21. Qb6 gxf4 22. Rxf4 Rhg8 23. Rg4 Qe6 24. e5 Rxg4 25. exd6+ Qxd6 26. hxg4 Ra6 27. Qb4 Ra4 1/2-1/2

[Event "Latschach op 29th"]
[Site "Latschach"]
[Date "2013.08.13"]
[Round "5"]
[White "Singer, Richard"]
[Black "Drinovec, Ales"]
[Result "1-0"]
[WhiteElo "2253"]
[BlackElo "2153"]
[PlyCount "81"]
[EventDate "2013.08.10"]
[EventType "swiss"]
[EventRounds "9"]
[EventCountry "AUT"]
[SourceTitle "CBM 155 Extra"]
[Source "ChessBase"]
[SourceDate "2013.08.26"]
[SourceVersion "1"]
[SourceVersionDate "2013.08.26"]
[SourceQuality "1"]

1. d4 Nf6 2. c4 e6 3. Nc3 Bb4 4. e3 0-0 5. Bd3 d5 6. cxd5 Nxd5 7. Qc2 h6 8. a3 Be7 9. Nf3 Nf6 10. 0-0 b6 11. Rd1 Bb7 12. b4 Nbd7 13. Bb2 Qc8 14. Qe2 a5 15. b5 c5 16. Rac1 Qb8 17. Na4 cxd4 18. Nxd4 Bd6 19. Nc6 Bxc6 20. bxc6 Nc5 21. Nxc5 Bxc5 22. Bxf6 gxf6 23. Qg4+ Kh8 24. Qh5 Kg7 25. Rc4 f5 26. Rh4 Rh8 27. g4 Be7 28. Rh3 f4 29. Rf3 Bd6 30. Bb5 Ra7 31. exf4 Bxf4 32. Rd4 Be5 33. Re4 f6 34. Bd3 Qe8 35. Rxe5 fxe5 36. Qxe5+ Kg8 37. c7 Qc8 38. Bc4 Qxc7 39. Bxe6+ Kh7 40. Qf5+ Kg7 41. Qf6+ 1-0

[Event "SLO-chT1 West"]
[Site "Ljubljana"]
[Date "2012.09.23"]
[Round "3.2"]
[White "Mencinger, Vojko"]
[Black "Drinovec, Ales"]
[Result "1-0"]
[WhiteElo "2370"]
[BlackElo "2170"]
[PlyCount "61"]
[EventDate "2012.09.21"]
[EventType "team-tourn"]
[EventRounds "9"]
[EventCountry "SLO"]
[SourceTitle "EXT 2022"]
[Source "ChessBase"]
[SourceDate "2021.10.06"]
[SourceVersion "1"]
[SourceVersionDate "2021.10.06"]
[SourceQuality "1"]
[WhiteTeam "Gorenjka Lesce"]
[BlackTeam "Kranj Tomo Zupan"]
[WhiteTeamCountry "SLO"]
[BlackTeamCountry "SLO"]

1. e4 e6 2. d4 d5 3. Nc3 dxe4 4. Nxe4 Bd7 5. Bd3 Bc6 6. Nf3 Nd7 7. 0-0 Be7 8. Re1 Bxe4 9. Bxe4 c6 10. c3 Ngf6 11. Bc2 Qc7 12. Qd3 0-0-0 13. b4 Nd5 14. Bd2 h6 15. b5 g5 16. bxc6 Qxc6 17. Rab1 g4 18. Ne5 Nxe5 19. Rxe5 Bd6 20. Re4 Rdg8 21. c4 Nf6 22. Ree1 h5 23. d5 Qc7 24. Qd4 Nd7 25. dxe6 Bxh2+ 26. Kh1 fxe6 27. Qxa7 h4 28. Ba5 Qb8 29. Qe3 g3 30. Ba4 Rg7 31. Qxe6 1-0

[Event "Latschach op 28th"]
[Site "Latschach"]
[Date "2012.08.17"]
[Round "8"]
[White "Ermel, Dirk"]
[Black "Drinovec, Ales"]
[Result "0-1"]
[WhiteElo "2196"]
[BlackElo "2147"]
[PlyCount "120"]
[EventDate "2012.08.11"]
[EventType "swiss"]
[EventRounds "9"]
[EventCountry "AUT"]
[SourceTitle "CBM 149 Extra"]
[Source "ChessBase"]
[SourceDate "2012.08.24"]
[SourceVersion "1"]
[SourceVersionDate "2012.08.24"]
[SourceQuality "1"]

1. d4 d5 2. Bf4 Nf6 3. e3 g6 4. Nf3 Bg7 5. Be2 0-0 6. Nbd2 Nbd7 7. h3 c5 8. c3 b6 9. 0-0 Re8 10. Ne5 Nxe5 11. Bxe5 Nd7 12. Bxg7 Kxg7 13. f4 Nf6 14. Bd3 c4 15. Bc2 e6 16. Nf3 Rb8 17. Ne5 Qc7 18. g4 b5 19. a3 a5 20. Qe1 Qd6 21. f5 exf5 22. gxf5 Rxe5 23. dxe5 Qxe5 24. Qf2 Bd7 25. Qf4 Re8 26. Qxe5 Rxe5 27. Rf3 a4 28. fxg6 hxg6 29. Raf1 Re6 30. e4 dxe4 31. Bxe4 Rxe4 32. Rxf6 Be6 33. R6f3 Re2 34. R1f2 Re1+ 35. Rf1 Re2 36. R1f2 Re1+ 37. Kh2 Bd5 38. Rf1 Re2+ 39. R3f2 Re3 40. Rd1 Be6 41. h4 Rh3+ 42. Kg2 Rxh4 43. Rd6 Rh5 44. Rb6 Rd5 45. Re2 Kf6 46. Rf2+ Kg5 47. Kg3 Bf5 48. Rb7 Be6 49. Rb6 Re5 50. Rd2 f5 51. Rd8 f4+ 52. Kf2 Bf5 53. Rdb8 Kg4 54. Rxb5 Re3 55. Rf8 Bd3 56. Rd5 Re2+ 57. Kg1 Rxb2 58. Rd4 Kg3 59. Rdxf4 Rb1+ 60. Rf1 Rxf1+ 0-1

[Event "Latschach op 28th"]
[Site "Latschach"]
[Date "2012.08.16"]
[Round "7"]
[White "Drinovec, Ales"]
[Black "Kwossek, Georg"]
[Result "1-0"]
[WhiteElo "2147"]
[BlackElo "2025"]
[PlyCount "57"]
[EventDate "2012.08.11"]
[EventType "swiss"]
[EventRounds "9"]
[EventCountry "AUT"]
[SourceTitle "CBM 149 Extra"]
[Source "ChessBase"]
[SourceDate "2012.08.24"]
[SourceVersion "1"]
[SourceVersionDate "2012.08.24"]
[SourceQuality "1"]

1. e4 c5 2. Nc3 a6 3. f4 Nc6 4. Nf3 d6 5. a4 Bg4 6. Be2 e6 7. 0-0 Qc7 8. d3 Nf6 9. h3 Bxf3 10. Bxf3 h5 11. Be3 Nd4 12. Ne2 Nxf3+ 13. Rxf3 Be7 14. f5 d5 15. fxe6 fxe6 16. Nf4 dxe4 17. dxe4 g5 18. Nxe6 Qe5 19. Ng7+ Kf7 20. Nf5 g4 21. Rf4 gxh3 22. Nxe7 Kxe7 23. Qf3 Rag8 24. Qxh3 Ng4 25. Rd1 Rg7 26. Rd5 Qxb2 27. Bxc5+ Ke8 28. Qxh5+ Rxh5 29. Rf8# 1-0

[Event "Latschach op 28th"]
[Site "Latschach"]
[Date "2012.08.15"]
[Round "6"]
[White "Gagare, Shardul"]
[Black "Drinovec, Ales"]
[Result "1-0"]
[WhiteElo "2287"]
[BlackElo "2147"]
[PlyCount "139"]
[EventDate "2012.08.11"]
[EventType "swiss"]
[EventRounds "9"]
[EventCountry "AUT"]
[SourceTitle "CBM 149 Extra"]
[Source "ChessBase"]
[SourceDate "2012.08.24"]
[SourceVersion "1"]
[SourceVersionDate "2012.08.24"]
[SourceQuality "1"]

1. c4 Nf6 2. g3 g6 3. Bg2 d5 4. cxd5 Nxd5 5. Nc3 Nxc3 6. bxc3 Bg7 7. Rb1 Nc6 8. Nf3 0-0 9. 0-0 Na5 10. Qc2 c5 11. c4 Re8 12. d3 b6 13. Bb2 Bxb2 14. Qxb2 Bb7 15. h4 h5 16. Qe5 e6 17. Qf4 Qe7 18. Ne5 Bxg2 19. Kxg2 Kg7 20. Qe4 Qb7 21. f3 Qxe4 22. fxe4 Re7 23. Nf3 e5 24. Nd2 Nc6 25. Rf2 Rd8 26. Nf1 Re6 27. Ne3 Rf6 28. Rxf6 Kxf6 29. Nd5+ Kg7 30. a4 f5 31. exf5 gxf5 32. Rf1 Rf8 33. e4 fxe4 34. Rxf8 Kxf8 35. dxe4 Kf7 36. Kf3 Na5 37. Ne3 Kg6 38. Ke2 Nc6 39. Nd5 Nd4+ 40. Kd3 Nc6 41. Nc7 Nb4+ 42. Kd2 Nc6 43. Nb5 Kf6 44. Ke3 Kg6 45. Kf3 Nd4+ 46. Kf2 Nc6 47. Ke2 Nd4+ 48. Ke3 Nc6 49. Kf2 Kf6 50. g4 Kg6 51. Kg3 Kh6 52. Nd6 Kg6 53. Nc8 Kh6 54. Kh3 Kg6 55. gxh5+ Kxh5 56. Kg3 Na5 57. Nxa7 Nxc4 58. Nc8 Nd2 59. Nxb6 Nxe4+ 60. Kf3 Nc3 61. a5 Kxh4 62. a6 Nb5 63. Ke4 Na7 64. Kxe5 Kg5 65. Kd6 Kf5 66. Nc4 Kf6 67. Kxc5 Ke7 68. Kb6 Nc8+ 69. Kc7 Na7 70. Kb7 1-0

[Event "Ljubljana Autumn op"]
[Site "Ljubljana"]
[Date "2010.10.27"]
[Round "9"]
[White "Brank, Bine"]
[Black "Drinovec, Ales"]
[Result "1/2-1/2"]
[WhiteElo "1873"]
[BlackElo "2190"]
[PlyCount "55"]
[EventDate "2010.09.01"]
[EventType "swiss"]
[EventRounds "9"]
[EventCountry "SLO"]
[SourceTitle "EXT 2023"]
[Source "ChessBase"]
[SourceDate "2022.10.05"]
[SourceVersion "1"]
[SourceVersionDate "2022.10.05"]
[SourceQuality "1"]

1. e4 c5 2. Nf3 e6 3. d4 cxd4 4. Nxd4 Nf6 5. Nc3 Bb4 6. Bg5 Bxc3+ 7. bxc3 Qa5 8. Nb5 a6 9. Nd6+ Ke7 10. Bxf6+ gxf6 11. Qd2 Qc7 12. Rd1 Nc6 13. Be2 b6 14. 0-0 Bb7 15. f4 Rhg8 16. e5 Nxe5 17. g3 Nc6 18. Bf3 Nd8 19. Bxb7 Nxb7 20. Nxb7 Qxb7 21. Qd6+ Ke8 22. f5 Rc8 23. fxe6 dxe6 24. Rxf6 Rg6 25. Qd4 Qc6 26. Rxg6 hxg6 27. Qh8+ Ke7 28. Qh4+ 1/2-1/2

[Event "Ljubljana Autumn op"]
[Site "Ljubljana"]
[Date "2010.10.04"]
[Round "5"]
[White "Drnovsek, Gal"]
[Black "Drinovec, Ales"]
[Result "1/2-1/2"]
[WhiteElo "1829"]
[BlackElo "2190"]
[PlyCount "49"]
[EventDate "2010.09.01"]
[EventType "swiss"]
[EventRounds "9"]
[EventCountry "SLO"]
[SourceTitle "EXT 2023"]
[Source "ChessBase"]
[SourceDate "2022.10.05"]
[SourceVersion "1"]
[SourceVersionDate "2022.10.05"]
[SourceQuality "1"]

1. d4 Nf6 2. c4 c5 3. d5 d6 4. Nc3 g6 5. e4 Bg7 6. f4 0-0 7. Nf3 e6 8. Bd3 exd5 9. cxd5 Qa5 10. 0-0 c4 11. Bc2 b5 12. e5 dxe5 13. fxe5 Ng4 14. Qd4 Qb6 15. Qxb6 axb6 16. Nxb5 Nxe5 17. Nxe5 Bxe5 18. a4 Ba6 19. Be3 Nd7 20. Nc3 Bb7 21. Rad1 Bxc3 22. bxc3 Ra5 23. Rf4 Rxd5 24. Rxc4 Rxd1+ 25. Bxd1 1/2-1/2

[Event "Ljubljana Autumn op"]
[Site "Ljubljana"]
[Date "2010.09.29"]
[Round "4"]
[White "Drinovec, Ales"]
[Black "Unuk, Laura"]
[Result "1-0"]
[WhiteElo "2190"]
[BlackElo "1730"]
[PlyCount "105"]
[EventDate "2010.09.01"]
[EventType "swiss"]
[EventRounds "9"]
[EventCountry "SLO"]
[SourceTitle "EXT 2023"]
[Source "ChessBase"]
[SourceDate "2022.10.05"]
[SourceVersion "1"]
[SourceVersionDate "2022.10.05"]
[SourceQuality "1"]

1. e4 d6 2. d4 Nf6 3. Nc3 g6 4. Be2 Bg7 5. h4 c5 6. Be3 cxd4 7. Bxd4 Nc6 8. Be3 h5 9. f3 Bd7 10. Qd2 Ne5 11. Nh3 Qc8 12. Nf2 Nc4 13. Bxc4 Qxc4 14. Nd3 0-0 15. Bh6 Kh7 16. Bxg7 Kxg7 17. 0-0-0 Rfd8 18. Kb1 Rac8 19. g4 b6 20. gxh5 Nxh5 21. Rdg1 Kh7 22. Nf4 Nxf4 23. Qxf4 f6 24. Qd2 Qf7 25. f4 Rg8 26. Rg3 Rg7 27. Rhg1 Rcg8 28. Qd1 Bc6 29. Qd3 Kh8 30. Ne2 Be8 31. Nd4 e5 32. Ne2 Qe7 33. Rd1 exf4 34. Nxf4 Qe5 35. Ne2 Rd7 36. Nc3 a6 37. Nd5 b5 38. Rf3 Rf8 39. Qe3 Rh7 40. Rf4 Bc6 41. Nb4 Bb7 42. Nd3 Qe7 43. Qd4 Qd8 44. Nf2 Rd7 45. Ng4 Kg7 46. h5 gxh5 47. Nxf6 Rxf6 48. e5 Rxf4 49. Qxf4 dxe5 50. Rg1+ Kh7 51. Qf5+ Kh8 52. Qxh5+ Rh7 53. Qxe5+ 1-0

[Event "Ljubljana Autumn op"]
[Site "Ljubljana"]
[Date "2010.09.15"]
[Round "3"]
[White "Papez, Viktor"]
[Black "Drinovec, Ales"]
[Result "1-0"]
[WhiteElo "1771"]
[BlackElo "2190"]
[PlyCount "143"]
[EventDate "2010.09.01"]
[EventType "swiss"]
[EventRounds "9"]
[EventCountry "SLO"]
[SourceTitle "EXT 2023"]
[Source "ChessBase"]
[SourceDate "2022.10.05"]
[SourceVersion "1"]
[SourceVersionDate "2022.10.05"]
[SourceQuality "1"]

1. d4 Nf6 2. c4 e6 3. Nc3 Bb4 4. Qc2 c5 5. dxc5 Qa5 6. Bd2 Qxc5 7. e3 0-0 8. a3 Bxc3 9. Bxc3 Nc6 10. Nf3 Qe7 11. Bd3 e5 12. Ng5 g6 13. f3 d5 14. cxd5 Nxd5 15. h4 Nxe3 16. Qe2 Nd5 17. Bd2 Nd4 18. Qf2 Bf5 19. Ne4 Rfc8 20. 0-0 Nb3 21. Rad1 Nxd2 22. Rxd2 Nf4 23. Bb1 Be6 24. Kh2 Rd8 25. g3 Rxd2 26. Qxd2 Rd8 27. Qc3 f5 28. Ng5 h6 29. Nxe6 Nxe6 30. Qxe5 Rd2+ 31. Kh1 Qd6 32. Qc3 Rd1 33. Re1 Rxe1+ 34. Qxe1 Kf7 35. h5 Qd5 36. hxg6+ Kxg6 37. Kh2 Kf6 38. Qe3 Kg7 39. Bc2 Nd4 40. Bd1 Kg6 41. Qe8+ Qf7 42. Qe3 Qd7 43. Kg2 b5 44. Qd3 Qd5 45. Kf2 a5 46. Ke3 Qe5+ 47. Kf2 a4 48. f4 Qc5 49. Qe3 Kf6 50. Be2 Qd5 51. Qd3 Ke6 52. Bd1 Kd6 53. g4 Kc5 54. g5 hxg5 55. fxg5 Qe5 56. Kg2 Ne6 57. Qc2+ Kd6 58. Bf3 f4 59. g6 Ke7 60. Be4 Kf6 61. Kf1 Nd4 62. Qd3 Ne6 63. Qc2 Nc5 64. Bc6 Ne6 65. Be8 f3 66. Kf2 Nd4 67. Qd1 Qh2+ 68. Ke3 Qxb2 69. Qxd4+ Qxd4+ 70. Kxd4 b4 71. axb4 a3 72. Kc3 1-0

[Event "Latschach op 26th"]
[Site "Latschach"]
[Date "2010.08.16"]
[Round "4"]
[White "Drinovec, Ales"]
[Black "Diermair, Andreas"]
[Result "1/2-1/2"]
[WhiteElo "2190"]
[BlackElo "2312"]
[PlyCount "22"]
[EventDate "2010.08.14"]
[EventType "swiss"]
[EventRounds "9"]
[EventCountry "AUT"]
[SourceTitle "CBM 138 Extra"]
[Source "ChessBase"]
[SourceDate "2010.10.29"]
[SourceVersion "1"]
[SourceVersionDate "2010.10.29"]
[SourceQuality "1"]

1. e4 e5 2. Nf3 Nc6 3. Bc4 Nf6 4. Ng5 d5 5. exd5 b5 6. Bf1 Nd4 7. c3 Nxd5 8. Ne4 Ne6 9. Bxb5+ Bd7 10. Bxd7+ Qxd7 11. d4 exd4 1/2-1/2

[Event "Latschach op 26th"]
[Site "Latschach"]
[Date "2010.08.15"]
[Round "2"]
[White "Drinovec, Ales"]
[Black "Aigner, Georg"]
[Result "1/2-1/2"]
[WhiteElo "2190"]
[BlackElo "1986"]
[PlyCount "144"]
[EventDate "2010.08.14"]
[EventType "swiss"]
[EventRounds "9"]
[EventCountry "AUT"]
[SourceTitle "CBM 138 Extra"]
[Source "ChessBase"]
[SourceDate "2010.10.29"]
[SourceVersion "1"]
[SourceVersionDate "2010.10.29"]
[SourceQuality "1"]

1. e4 e5 2. Nf3 Nc6 3. Bc4 Bc5 4. b4 Bxb4 5. c3 Bd6 6. d4 Nf6 7. Ng5 0-0 8. f4 h6 9. Nxf7 Rxf7 10. Bxf7+ Kxf7 11. fxe5 Nxe5 12. dxe5 Bxe5 13. 0-0 Kg8 14. Bf4 Qe7 15. Qb3+ Kh8 16. Bxe5 Qxe5 17. Nd2 d5 18. Nf3 Qxe4 19. Rae1 Qc4 20. Qc2 Ne4 21. Ne5 Qc5+ 22. Kh1 Be6 23. c4 Re8 24. Qb2 Nd6 25. Ng6+ Kg8 26. cxd5 Bf7 27. Ne7+ Kf8 28. Rxf7+ Kxf7 29. Qe5 Rxe7 30. Qxe7+ Kg8 31. Qe6+ Kh7 32. h3 b5 33. Qe3 Qxd5 34. Qxa7 Qd2 35. Qe3 Qxa2 36. Qd3+ Kg8 37. Re7 Qc4 38. Qxc4+ Nxc4 39. Rxc7 Na3 40. Rb7 Kh7 41. Kg1 Kg6 42. Kf1 Kf6 43. Ke2 h5 44. Kd3 g5 45. Kc3 h4 46. Kb3 Nc4 47. Rxb5 Ne3 48. Kc3 Nxg2 49. Kd4 Nf4 50. Ke4 Nxh3 51. Rb6+ Kg7 52. Kf5 Nf2 53. Rg6+ Kh7 54. Rxg5 h3 55. Rh5+ Kg7 56. Rh4 Kf7 57. Kf4 Kg6 58. Kg3 Kg5 59. Rd4 h2 60. Kxh2 Kf5 61. Kg3 Ke5 62. Ra4 Ne4+ 63. Kf3 Nd6 64. Ke3 Nf5+ 65. Kd3 Nd6 66. Ra5+ Ke6 67. Kd4 Nf5+ 68. Ke4 Nd6+ 69. Kf4 Nc4 70. Rc5 Nd6 71. Re5+ Kf6 72. Rh5 Ke6 1/2-1/2

[Event "SLO-chT 20th"]
[Site "Gostovanja"]
[Date "2010.05.16"]
[Round "2"]
[White "Drinovec, Ales"]
[Black "Rusjan, Miran"]
[Result "0-1"]
[WhiteElo "2190"]
[BlackElo "2205"]
[PlyCount "144"]
[EventDate "2010.05.15"]
[EventType "team-tourn"]
[EventRounds "9"]
[EventCountry "SLO"]
[SourceTitle "EXT 2020"]
[Source "ChessBase"]
[SourceDate "2019.10.17"]
[SourceVersion "1"]
[SourceVersionDate "2019.10.17"]
[SourceQuality "1"]
[WhiteTeam "Kranj Tomo Zupan"]
[BlackTeam "Nova Gorica"]
[WhiteTeamCountry "SLO"]
[BlackTeamCountry "SLO"]

1. e4 c5 2. Nf3 e6 3. d4 cxd4 4. Nxd4 a6 5. c4 Nf6 6. Bd3 Nc6 7. Ne2 d5 8. exd5 exd5 9. cxd5 Bb4+ 10. Nbc3 Nxd5 11. 0-0 Nxc3 12. bxc3 Bd6 13. Qc2 h6 14. Bf4 Bxf4 15. Nxf4 0-0 16. Rfd1 Kh8 17. Be4 Qg5 18. g3 Bg4 19. Rd5 Qe7 20. Rb1 Rac8 21. Bf5 Nb4 22. Rxb4 Qe1+ 23. Kg2 Rxc3 24. Rb1 Bf3+ 25. Kh3 Rxc2 26. Rxe1 Rxf2 27. Rd3 g5 28. Rxf3 Rxf3 29. Kg4 Ra3 30. Nh5 Rxa2 31. h4 Ra4+ 32. Kh3 gxh4 33. g4 b5 34. Rd1 Rb8 35. Rd6 Kg8 36. Rxh6 Rd8 37. Kxh4 Kf8 38. Kg5 Ke7 39. Rb6 Rg8+ 40. Kh4 Ra1 41. Rb7+ Kd6 42. Rxf7 Rh1+ 43. Kg3 Rxh5 44. Rf6+ Kc5 45. Kf4 Rh1 46. Rxa6 Rf1+ 47. Ke5 b4 48. Ra5+ Kb6 49. Ra4 Kb5 50. Bd7+ Kc5 51. Ra5+ Kb6 52. Rb5+ Kc7 53. Be6 Re1+ 54. Kf6 Rxe6+ 55. Kxe6 Rxg4 56. Kf5 Rh4 57. Kg5 Rd4 58. Kf5 Kc6 59. Rb8 Kc5 60. Ke5 Rd7 61. Ke4 Kc4 62. Ke3 Kc3 63. Ke2 b3 64. Rc8+ Kb2 65. Rb8 Kc2 66. Rc8+ Kb1 67. Rb8 b2 68. Ra8 Rd4 69. Ke3 Rd5 70. Ke4 Rd2 71. Ke3 Kc1 72. Rb8 Rc2 0-1

[Event "SLO-chT 15th"]
[Site "Bled"]
[Date "2005.11.30"]
[Round "7"]
[White "Cvitan, Ognjen"]
[Black "Drinovec, Ales"]
[Result "1-0"]
[WhiteElo "2527"]
[BlackElo "2160"]
[PlyCount "57"]
[EventDate "2005.11.26"]
[EventType "team-tourn"]
[EventRounds "9"]
[EventCountry "SLO"]
[SourceTitle "CBM 109 Extra"]
[Source "ChessBase"]
[SourceDate "2006.01.03"]
[SourceVersion "2"]
[SourceVersionDate "2006.01.03"]
[SourceQuality "1"]
[WhiteTeam "Nova Gorica"]
[BlackTeam "Kranj Tomo Zupan"]
[WhiteTeamCountry "SLO"]
[BlackTeamCountry "SLO"]

1. c4 c6 2. e4 d5 3. exd5 cxd5 4. cxd5 Qxd5 5. Nc3 Qa5 6. d4 Nf6 7. Bc4 e6 8. Nf3 Bb4 9. Bd2 0-0 10. 0-0 Qc7 11. Bd3 Nc6 12. Re1 a6 13. a3 Be7 14. h3 Rd8 15. Be3 e5 16. Nxe5 Nxe5 17. dxe5 Bf5 18. exf6 Bxf6 19. Bxf5 Rxd1 20. Rexd1 Bxc3 21. bxc3 Qxc3 22. Be4 Qc7 23. Rab1 Rd8 24. Rxd8+ Qxd8 25. Rxb7 Qd1+ 26. Kh2 f5 27. Bxf5 Qd6+ 28. g3 Qxa3 29. Be6+ 1-0

[Event "SLO-chT 15th"]
[Site "Bled"]
[Date "2005.11.28"]
[Round "4"]
[White "Drinovec, Ales"]
[Black "Solak, Dragan"]
[Result "0-1"]
[WhiteElo "2160"]
[BlackElo "2568"]
[PlyCount "96"]
[EventDate "2005.11.26"]
[EventType "team-tourn"]
[EventRounds "9"]
[EventCountry "SLO"]
[SourceTitle "CBM 109 Extra"]
[Source "ChessBase"]
[SourceDate "2006.01.03"]
[SourceVersion "2"]
[SourceVersionDate "2006.01.03"]
[SourceQuality "1"]
[WhiteTeam "Kranj Tomo Zupan"]
[BlackTeam "Ljubljana Vidmar"]
[WhiteTeamCountry "SLO"]
[BlackTeamCountry "SLO"]

1. e4 c5 2. Nf3 e6 3. d4 cxd4 4. Nxd4 a6 5. c4 Nf6 6. Bd3 Nc6 7. Nxc6 dxc6 8. 0-0 e5 9. Bg5 h6 10. Bxf6 Qxf6 11. Qc2 Bc5 12. Nd2 Qe7 13. Nb3 0-0 14. Nxc5 Qxc5 15. Kh1 Be6 16. f4 exf4 17. Rxf4 Rad8 18. Rf3 Rd4 19. b3 Rfd8 20. h3 Qd6 21. e5 Qxe5 22. Raf1 R8d7 23. Bh7+ Kh8 24. Bf5 Rd2 25. Qb1 Rb2 26. Bxe6 Rxb1 27. Bxd7 Rxf1+ 28. Rxf1 Qe2 29. Kg1 Qxa2 30. Rf3 Qa1+ 31. Kh2 Qe5+ 32. Kh1 Kg8 33. Bc8 Qe1+ 34. Kh2 Qe8 35. Bf5 g6 36. Bd3 h5 37. Kg1 Qe1+ 38. Bf1 Kf8 39. Kh2 Ke7 40. Bd3 f5 41. Bf1 Kd6 42. Rd3+ Kc5 43. Rf3 Kb4 44. Kg1 a5 45. Kh2 Qe4 46. Kg3 h4+ 47. Kf2 Qxf3+ 48. Kxf3 Kxb3 0-1

[Event "SLO-chT West"]
[Site "Bled"]
[Date "2004.11.12"]
[Round "6"]
[White "Drinovec, Ales"]
[Black "Filip, Matej"]
[Result "1-0"]
[WhiteElo "2153"]
[BlackElo "1981"]
[PlyCount "47"]
[EventDate "2004.11.05"]
[EventType "team"]
[EventRounds "9"]
[EventCountry "SLO"]
[SourceTitle "EXT 2009"]
[Source "ChessBase"]
[SourceDate "2008.11.26"]
[SourceVersion "1"]
[SourceVersionDate "2008.11.26"]
[SourceQuality "1"]

1. e4 c5 2. d4 cxd4 3. c3 Nf6 4. e5 Nd5 5. Qxd4 e6 6. Bc4 Nc6 7. Qe4 Nde7 8. Bf4 Ng6 9. Nf3 b6 10. Bg3 Bb7 11. Nbd2 Qc7 12. Qe2 0-0-0 13. 0-0 d6 14. exd6 Bxd6 15. Ne4 Bxg3 16. hxg3 Nce5 17. Nxe5 Qxe5 18. Ba6 f5 19. Qc4+ Kb8 20. Bxb7 Kxb7 21. Ng5 Qf6 22. Nxe6 Rd7 23. Rad1 Qf7 24. Nd8+ 1-0

[Event "SLO-chT2W"]
[Site "Slovenia"]
[Date "2002.11.23"]
[Round "3.5"]
[White "Drinovec, Ales"]
[Black "Kecic, Stevan"]
[Result "1-0"]
[WhiteElo "2171"]
[BlackElo "2244"]
[PlyCount "151"]
[EventDate "2002.11.22"]
[EventType "team"]
[EventRounds "7"]
[EventCountry "SLO"]
[SourceTitle "EXT 2005"]
[Source "ChessBase"]
[SourceDate "2004.11.15"]
[SourceVersion "1"]
[SourceVersionDate "2004.11.15"]
[SourceQuality "1"]

1. e4 e6 2. Qe2 c5 3. g3 Nc6 4. c3 g6 5. Bg2 Bg7 6. Nf3 Nge7 7. 0-0 d5 8. exd5 exd5 9. d4 cxd4 10. cxd4 0-0 11. Nc3 Re8 12. Bg5 h6 13. Be3 Nf5 14. Qd2 Nxe3 15. fxe3 Be6 16. Ne1 Qg5 17. Rf4 Rad8 18. Nd3 b6 19. b4 Rc8 20. Rc1 Qd8 21. a3 Ne7 22. Rf2 g5 23. b5 Qd6 24. Nb4 f5 25. Qd3 Rf8 26. Rfc2 Kh8 27. Ne2 Rxc2 28. Rxc2 f4 29. gxf4 gxf4 30. e4 dxe4 31. Bxe4 f3 32. Bxf3 Nf5 33. d5 Nh4 34. Be4 Bg4 35. Ng3 Nf3+ 36. Bxf3 Bxf3 37. Qe3 Qf6 38. Rf2 Qa1+ 39. Nf1 Rg8 40. Qxf3 Bd4+ 41. Kh1 Bxf2 42. Qxf2 Rg6 43. Nc2 Rf6 44. Nxa1 Rxf2 45. Ne3 Kg7 46. Nac2 Rd2 47. Nb4 Kf6 48. Kg1 Kg5 49. Nc4 Rd4 50. Ne5 Kf4 51. Ned3+ Kf3 52. Kf1 h5 53. Ne1+ Kf4 54. Ke2 Re4+ 55. Kf2 h4 56. Nf3 Re8 57. Nxh4 Rg8 58. Nf3 Rf8 59. Nd2 Rh8 60. Nd3+ Kf5 61. Kg3 Rd8 62. Nb4 Rg8+ 63. Kf2 Rh8 64. Nf3 Ke4 65. Nd2+ Kf4 66. Nf1 Re8 67. Ng3 Rf8 68. Nc6 Rf7 69. Ke2 Rh7 70. Kd3 Rxh2 71. Ne2+ Kf5 72. Ned4+ Kf6 73. d6 Rh7 74. Kc4 Rg7 75. Ne7 Rg5 76. Nd5+ 1-0